Normal view
MARC view
- Parallel processing(Electronic computers)
Entry Topical Term
001 - CONTROL NUMBER
- control field: 1100
003 - CONTROL NUMBER IDENTIFIER
- control field: JO-AjAnu
005 - DATE AND TIME OF LATEST TRANSACTION
- control field: 20230606070502.0
008 - FIXED-LENGTH DATA ELEMENTS
- fixed length control field: 230606|| aca||aabn | a|a d
040 ## - CATALOGING SOURCE
- Original cataloging agency: JO-AjAnu
- Transcribing agency: JO-AjAnu
150 ## - HEADING--TOPICAL TERM
- Topical term or geographic name entry element: Parallel processing(Electronic computers)
670 ## - SOURCE DATA FOUND
- Source citation: Work cat.: (JO-AjAnu)576: Fountain.t.j, author 1099, parallel computing principles and practice